000 00569nam a22002177a 4500
003 UA-OsUOA
001 37776
007 ta
008 20070515b un ||||| |||| 00| 0 ukr d
090 _a94(477).152
_bН37
942 _cBK
040 _aUA-OsUOA
_bukr
_cUA-OsUOA
_dUA-OsUOA
245 _aНаша спадщина
_cЗа ред. Ю.Стефаника
300 _a283 с.
955 _a1
041 _aukr
080 _a94(477).152
260 _aЕдмонтон
_c1979
650 7 _a9 Географія. Біографії. Історія
_2UDC
999 _c436307
_d436307